00786nam a22002417a 450000500170000001000130001702000230003003500130005303700160006604000120008208200160009410000290011024500470013926000460018627000490023230000250028150000200030665000190032665000290034594200250037499900190039995201260041820170124110032.0 aA-878245 c295.00a8120311426 aA-878245 bCen Lib/Ret aDPLbEN a541.3bVEM  aVemulapalli, G.K.921918 aPhysical Chemistry /cby G.K. Vemulapalli  aNew Delhi bPrentice Hall of India c1993 bNew Delhi aM-97, connaught circus e110001 axvi, 991p.c24cm(Hb) aIncludes index  aChemistry 970 aPhysical aspects 921919 2ddccENh541.3mVEM  c127921d127921 00104070aLbLd2015-06-30eCen Lib/Retg295.00l0o541.3 VEMpA-878245r2015-06-30 00:00:00t1v295.00w2015-06-30yEN